002220000a220007300045001000020000002450060000203000052000807730016001321 aChodorov, Frank10aThe source of rights : The importance of the individual aVol. 47, Num 3 (Marzo, 1997), Páginas 141-1430 tThe Freeman